| 000 | 00849nam a2200277Ia 4500 | ||
|---|---|---|---|
| 001 | Para_861 | ||
| 003 | CHAP | ||
| 008 | 220125s1994 xx 000 0 und d | ||
| 010 | _a199659 | ||
| 040 | _cCHAP | ||
| 090 | _aPA TESIS 832 | ||
| 100 |
_aGarcía Ruíz, Heman _9164866 |
||
| 245 |
_aEfectividad de Dazomet y la desinfección de sustratos organicos / _c por Heman García Ruíz |
||
| 260 |
_aChapingo, Méx. : _b El autor |
||
| 300 | _a91 h. | ||
| 502 | _aTesis (Ing. Agr. Esp. en Parasitología Agrícola) -- UACh. Depto. Parasitología | ||
| 650 |
_aFumigantes _943951 |
||
| 710 |
_aUACh. Departamento Parasitología Agrícola _9164025 |
||
| 901 | _aPA TESIS 832 | ||
| 902 | _aA | ||
| 905 | _a0000001994 0000000000 00 | ||
| 910 | _a1994 | ||
| 942 | _cPARA | ||
| 942 |
_cPARA _d1 |
||
| 999 |
_c199659 _d199659 |
||